000
00326nam a22001457a 4500
008
211012b ||||| |||| 00| 0 eng d
020
_a
X000TD1HUB
041
_a
eng
080
_2
3rd
_a
070
082
_a
070
100
_a
40
101
_a
MED
245
_a
Public Speaking The Evolving Art
_c
Coopman,S.J
942
_2
udc
_c
BK
999
_c
58171
_d
58171